Štátne cenné papiere a obchodovanie s nimi v podmienkach SR

Operácie, ktoré sa uskutočňujú na sekundárnom trhu krátkodobých cenných papierov. Ilustračný príklad pre použitie REPO obchodu.

Saved in:
Bibliographic Details
Main Author: Pilch, Ctibor, 1957-
Format: Book Chapter
Language:Slovak
Subjects:
Tags: Add Tag
No Tags, Be the first to tag this record!

MARC

LEADER 00000nla$a2200000$$$4500
001 0039480
005 20240502071503.6
041 0 |a slo 
044 |a SK 
245 1 0 |a Štátne cenné papiere a obchodovanie s nimi v podmienkach SR  |c Ctibor Pilch 
520 |a Operácie, ktoré sa uskutočňujú na sekundárnom trhu krátkodobých cenných papierov. Ilustračný príklad pre použitie REPO obchodu. 
610 2 0 |a Slovensko 
610 2 0 |a papiere cenné krátkodobé 
610 2 0 |a papiere cenné 
610 2 0 |a obchody bankové 
610 2 0 |a trh finančný 
610 2 0 |a banky 
610 2 0 |a sadzby úrokové 
100 1 |a Pilch, Ctibor, 1957-